Vincitori della Coppa del Mondo FIFA - Statistics

Statistiche generali
  • Questo quiz è stato fatto 422 volte
  • Il punteggio medio è 19 su 22
Statistiche sulle risposte
Anno Paese ospitante Vincitore % Corretto
2022 Qatar Argentina
99%
2018 Russia Francia
99%
2006 Germania Italia
98%
2014 Brasile Germania
97%
2010 Sudafrica Spagna
96%
2002 Giappone & Corea del Sud Brasile
95%
1998 Francia Francia
93%
1982 Spagna Italia
93%
1994 USA Brasile
92%
1990 Italia Germania Ovest
89%
1934 Italia Italia
88%
1938 Francia Italia
87%
1986 Messico Argentina
86%
1930 Uruguay Uruguay
86%
1970 Messico Brasile
82%
1974 Germania Ovest Germania Ovest
82%
1966 Inghilterra Inghilterra
81%
1962 Cile Brasile
80%
1958 Svezia Brasile
80%
1978 Argentina Argentina
78%
1950 Brasile Uruguay
75%
1954 Svizzera Germania Ovest
70%
Nessun quiz corrispondente trovato
Distribuzione punteggi
Percentuale di utenti per punteggio
Percentile per numero di risposta
I tuoi punteggi nel tempo
Non hai fatto questo quiz